000 00279nam a2200133Ia 4500
100 _aThadani/B.N
942 _cBK
654 _astatics
245 _aGraphic Statics for Engg
260 _bA.R .Seth & Co
_aBombay
_c2001
082 _a624.1
300 _a160
546 _aENGLISH
999 _c32499
_d32499